| 000 | 01602nam0a2200325 4500 | ||
|---|---|---|---|
| 001 | RU\NLR\bibl\480953 | ||
| 005 | 20260407075637.0 | ||
| 010 |
_a5-7972-0638-2 _9150 |
||
| 021 |
_aRU _b2003-61859 _93033 |
||
| 035 | _a(NLR Aleph) 000473800 | ||
| 090 |
_a1010345 _c1010345 |
||
| 100 | _a20040119d2003 |||y0rusy50 ca | ||
| 101 | 0 | _arus | |
| 102 | _aRU | ||
| 105 | _ay ||||||||| | ||
| 200 | 1 |
_aРоссийское право на современном этапе _eМатериалы Регион. науч.-практ. конф. студентов и молодых ученых, апрель 2003 г. _f[Редкол.: Улезько С.И. (отв. ред.) и др.] |
|
| 210 |
_aРостов н/Д _cРГЭУ "РИНХ" _d2003 |
||
| 215 |
_a123 с. _d21 |
||
| 300 | _aВ надзаг.: М-во образования Рос. Федерации, Рост. гос. экон. ун-т "РИНХ", Юрид. фак. | ||
| 320 | _aБиблиогр. в подстроч. примеч. | ||
| 606 | 0 |
_aПраво _jСъезды, совещания и т.п. _yРоссийская Федерация _92070216 _3RU\NLR\auth\661244932 |
|
| 686 | _aХ62я431 | ||
| 702 | 1 |
_aУлезько _bС. И. _gСергей Иванович _4340 |
|
| 712 | 0 | 2 |
_4570 _aРостовский государственный экономический университет _cРостов-на-Дону _bЮридический факультет _3RU\NLR\AUTH\8810039892 _9578821 |
| 801 | 0 |
_aRU _bNLR _c20040119 _gPSBO |
|
| 801 | 1 |
_aRU _bNLR _c20040119 |
|
| 942 | _cBOOK | ||
| 980 | _aNB | ||